000
00261 a2200097 4500
001
59329
100
_a
245
_a
Words, meaning and vocabulary ; an introduction to modern english lexicology
260
_a
London
_b
Continuum Pub
_c
2007
090
_c
36355
_d
36355
942
_a
NUST-CAE
_c
_c
29286
999
_c
294402
_d
294402